000 00620nam a22001937a 4500
008 170420b xxu||||| |||| 00| 0 eng d
020 _a0-02-354621-2
082 _21996
_aDC 301
_bH46
100 _919892
_aHess, Beth B.
_d1928-
245 _aSociology/
_cBeth B. Hess [and two others].
250 _aFifth Edition
260 _aBoston:
_bAllyn and Bacon,
_cc1996.
300 _axxiv, 662 pages:
_bcolor illustrations;
_c28 cm.
500 _aIncludes bibliographical references and index.
650 0 _919893
_aSociology
700 _919894
_aMarkson, Elizabeth W.
700 _919895
_aStein, Peter J.
942 _2ddc
_cDC
999 _c6573
_d6573